Introduction to catering (Registro nro. 5500)
[ vista simple ]
| 000 -CABECERA | |
|---|---|
| campo de control de longitud fija | 00345nam a22001217a 4500 |
| 008 - DATOS DE LONGITUD FIJA--INFORMACIÓN GENERAL | |
| campo de control de longitud fija | 170112b xxu||||| |||| 00| 0 eng d |
| 100 ## - ENTRADA PRINCIPAL--NOMBRE DE PERSONA | |
| 9 (RLIN) | 248 |
| Nombre de persona | Magri, Marzia |
| 245 ## - MENCIÓN DE TÍTULO | |
| Título | Introduction to catering |
| Mención de responsabilidad, etc. | Marzia Magris, Cathy Mc Greery and Richard Brighton |
| 260 ## - PUBLICACIÓN, DISTRIBUCIÓN, ETC. (PIE DE IMPRENTA) | |
| Lugar de publicación, distribución, etc. | Great Britain |
| Nombre del editor, distribuidor, etc. | Logman |
| Fecha de publicación, distribución, etc. | 1996 |
| 300 ## - DESCRIPCIÓN FÍSICA | |
| Extensión | 275 pp. |
| 942 ## - ELEMENTOS DE PUNTO DE ACCESO ADICIONAL (KOHA) | |
| Tipo de ítem Koha | Libro |
| 942 ## - ELEMENTOS DE PUNTO DE ACCESO ADICIONAL (KOHA) | |
| Fuente del sistema de clasificación o colocación | Dewey Decimal Classification |
| Estado de retiro | Estado de pérdida | Fuente del sistema de clasificación o colocación | Estado de daño | No para préstamo | Localización permanente | Ubicación/localización actual | Fecha de adquisición | Información codificada de la localización en otra ubicación | Total de préstamos | Signatura topográfica completa | Código de barras | Fecha visto por última vez | Precio válido a partir de | Tipo de ítem Koha |
|---|---|---|---|---|---|---|---|---|---|---|---|---|---|---|
| Dewey Decimal Classification | Biblioteca CENFOTUR | Biblioteca CENFOTUR | 12/01/2017 | DONACION | 799.3 M212 | 1006038 | 12/01/2017 | 12/01/2017 | Libro |